Architectural drafting & design / (Record no. 352332)

000 -LEADER
fixed length control field 01221 a2200349 4500
003 - CONTROL NUMBER IDENTIFIER
control field OSt
005 - DATE AND TIME OF LATEST TRANSACTION
control field 20180116192332.0
008 - FIXED-LENGTH DATA ELEMENTS--GENERAL INFORMATION
fixed length control field 120209t xxu||||| |||| 00| 0 eng d
010 ## - LIBRARY OF CONGRESS CONTROL NUMBER
LC control number 2004022040
020 ## - INTERNATIONAL STANDARD BOOK NUMBER
International Standard Book Number 1401867154
020 ## - INTERNATIONAL STANDARD BOOK NUMBER
International Standard Book Number 9781401867157
040 ## - CATALOGING SOURCE
Transcribing agency 0
082 00 - DEWEY DECIMAL CLASSIFICATION NUMBER
Classification number 720.284
100 1# - MAIN ENTRY--PERSONAL NAME
Personal name Jefferis, Alan.
245 10 - TITLE STATEMENT
Title Architectural drafting & design /
Statement of responsibility, etc. Alan Jefferis, David A. Madsen.
246 3# - VARYING FORM OF TITLE
Title proper/short title Architectural drafting and design
250 ## - EDITION STATEMENT
Edition statement 5th ed.
260 ## - PUBLICATION, DISTRIBUTION, ETC.
Place of publication, distribution, etc. New Albany :
Name of publisher, distributor, etc. Thomson Delmar Learning,
Date of publication, distribution, etc. c2005.
300 ## - PHYSICAL DESCRIPTION
Extent xix, 986 p. :
Other physical details ill. (some col.) ;
Dimensions 29 cm. +
Accompanying material 1 CD-ROM (4 3/4 in.)
440 #0 - SERIES STATEMENT/ADDED ENTRY--TITLE
Title Drafting and design series
500 ## - GENERAL NOTE
General note Includes index.(p971-p986)
650 #0 - SUBJECT ADDED ENTRY--TOPICAL TERM
Topical term or geographic name entry element Architectural drawing.
650 #0 - SUBJECT ADDED ENTRY--TOPICAL TERM
Topical term or geographic name entry element Architectural design.
650 #0 - SUBJECT ADDED ENTRY--TOPICAL TERM
Topical term or geographic name entry element Architectural drawing
General subdivision Study and teaching (Secondary)
650 #0 - SUBJECT ADDED ENTRY--TOPICAL TERM
Topical term or geographic name entry element Architectural drawing
General subdivision Vocational guidance
650 #0 - SUBJECT ADDED ENTRY--TOPICAL TERM
Topical term or geographic name entry element Architecture
650 #0 - SUBJECT ADDED ENTRY--TOPICAL TERM
Topical term or geographic name entry element Architecture
General subdivision Vocational guidance
700 1# - ADDED ENTRY--PERSONAL NAME
Personal name Madsen, David A.
856 41 - ELECTRONIC LOCATION AND ACCESS
Materials specified Table of contents
Uniform Resource Identifier <a href="http://www.loc.gov/catdir/toc/ecip051/2004022040.html">http://www.loc.gov/catdir/toc/ecip051/2004022040.html</a>
942 ## - ADDED ENTRY ELEMENTS (KOHA)
Institution code [OBSOLETE] SADA
Koha item type Book
Call number prefix 720.284 JEF 2005
Source of classification or shelving scheme
Holdings
Withdrawn status Lost status Source of classification or shelving scheme Damaged status Not for loan Permanent Location Current Location Date acquired Total Checkouts Total Renewals Full call number Barcode Date last seen Date last checked out Cost, replacement price Price effective from Koha item type
          School of Art Design and Architecture (SADA) School of Art Design and Architecture (SADA) 08/31/2010 15 9 720.284 JEF 2005 SADA0000092 04/14/2015 02/17/2015 8504.00 08/05/2011 Book
          School of Art Design and Architecture (SADA) School of Art Design and Architecture (SADA) 09/29/2011     CD 720.284 JEF 2005 SADA0001612 09/29/2011     09/29/2011  
© 2023 Central Library, National University of Sciences and Technology. All Rights Reserved.